000 00306nam a22001217a 4500
008 160419b xxu||||| |||| 00| 0 eng d
020 _a9780781793865
020 _a0781793866
041 _aeng
080 _a618.2
245 1 0 _aFundamentals of nursing :
_cTaylor lillis; LeMone Lynn LeBon;
942 _2udc
_cBK
999 _c1430
_d1430